Kinh tế phát triển

Gorde:
Xehetasun bibliografikoak
Erakunde egilea: Trường Đại học Đồng Tháp Khoa Kinh tế
Formatua: Liburua
Hizkuntza:Vietnamese
Argitaratua: Đồng Tháp
Gaiak:
Etiketak: Etiketa erantsi
Etiketarik gabe, Izan zaitez lehena erregistro honi etiketa jartzen!
Thư viện lưu trữ: Trung tâm Học liệu Lê Vũ Hùng, Trường Đại học Đồng Tháp
LEADER 00634pam a22002058a 4500
001 00039454
005 20171108151110.0
008 170519s ||||||viesd
041 0 # |a vie 
082 1 4 |a 338.9  |b K312T 
110 1 # |a Trường Đại học Đồng Tháp  |b Khoa Kinh tế 
245 1 0 |a Kinh tế phát triển 
260 # # |a Đồng Tháp 
300 # # |a 54 tr.  |c 29 cm. 
653 # # |a Kinh tế 
653 # # |a phát triển 
852 # # |j KD.1002512  |b Kho đọc 
852 # # |j KM.0022742  |j KD.0021604 
910 |d 19/05/2017 
980 # # |a Trung tâm Học liệu Lê Vũ Hùng, Trường Đại học Đồng Tháp